Quy định mới về quản lý và sử dụng dịch vụ internet
Quy định này điều chỉnh việc quản lý và sử dụng tài nguyên internet đối với mọi tổ chức, cá nhân trong nước, tổ chức cá nhân nước ngoài hoạt động trong lĩnh vực Internet tại Việt Nam.
Αποθηκεύτηκε σε:
| Μορφή: | Βιβλίο |
|---|---|
| Γλώσσα: | Undetermined |
| Έκδοση: |
Hà Nội
Chính trị Quốc gia
2006
|
| Θέματα: | |
| Ετικέτες: |
Προσθήκη ετικέτας
Δεν υπάρχουν, Καταχωρήστε ετικέτα πρώτοι!
|
| Thư viện lưu trữ: | Trung tâm Học liệu Trường Đại học Cần Thơ |
|---|
| LEADER | 01005nam a2200205Ia 4500 | ||
|---|---|---|---|
| 001 | CTU_136933 | ||
| 008 | 210402s9999 xx 000 0 und d | ||
| 020 | |c 16000 | ||
| 082 | |a 343.597099 | ||
| 082 | |b Qu600 | ||
| 245 | 0 | |a Quy định mới về quản lý và sử dụng dịch vụ internet | |
| 260 | |a Hà Nội | ||
| 260 | |b Chính trị Quốc gia | ||
| 260 | |c 2006 | ||
| 520 | |a Quy định này điều chỉnh việc quản lý và sử dụng tài nguyên internet đối với mọi tổ chức, cá nhân trong nước, tổ chức cá nhân nước ngoài hoạt động trong lĩnh vực Internet tại Việt Nam. | ||
| 650 | |a Infomation store and retrieval systems,Media law,Trung tâm Học liệu ĐHCT | ||
| 650 | |x Law,Luật truyền thông Việt Nam,Quản lý, sử dụng dịch vụ internet | ||
| 650 | |z Vietnam,Vietnam | ||
| 904 | |i Năm | ||
| 980 | |a Trung tâm Học liệu Trường Đại học Cần Thơ | ||